| 000 | 00599cam a2200205 4500 | ||
|---|---|---|---|
| 008 | 090401t1987 xxu||||| |||| 00| 0 eng d | ||
| 020 | _a0902716018 | ||
| 035 | _a(Sirsi) u76273 | ||
| 041 | _aeng | ||
| 050 | _a690.023 | ||
| 110 |
_aInstitute of Clerks of Works _92671 |
||
| 245 | _aBuilding on quality: a review of the role of clerk of works | ||
| 260 |
_aLondon _bInstitute of Clerks of Works _c1987 |
||
| 300 | _aii,43p. ; 30cm. | ||
| 350 | _a56 | ||
| 520 | _aPublished jointly with the Department of the Environment . | ||
| 650 | _aCLERKS OF WORKS | ||
| 942 | _n0 | ||
| 948 | _c04/03/1997 | ||
| 999 |
_c96144 _d96144 |
||